| 000 | 01154cad a22001935a 4500 | ||
|---|---|---|---|
| 001 | L151644 | ||
| 008 | 101123s2010 xxk f 000 0 eng d | ||
| 035 | _a(Sirsi) u151644 | ||
| 041 | 0 | _aeng | |
| 110 | 2 |
_aOffice of Fair Trading _91355 |
|
| 245 | 0 | 0 |
_aLand agreements _bguidance on the application of competition law following the revocation of the Land Agreements Exclusion Order, an OFT consultation _h[electronic resource] |
| 260 |
_a[S.l.] _bOFT _c2010 |
||
| 520 | _aSeeks feedback on Office of Fair Trading (OFT) draft guidance for business about the application of common law to land agreements. This is in response to a change in UK competition law which from 6 April 2011 will make land agreements that prevent, restrict or distort competition void and unenforceable. OFT is inviting responses by 14 January and aims to publish final guidance later in 2011. | ||
| 590 | _aKA | ||
| 651 | 4 | _aUnited Kingdom | |
| 690 | _aPROPERTY-RURAL AND NATURAL ASSETS-RURAL AND NATURAL ASSETS MANAGEMENT-LAND MANAGEMENT | ||
| 856 | 4 | 0 |
_uhttps://www.oft.gov.uk/shared_oft/consultations/OFT1280.pdf _zView the item free of charge at www.oft.gov.uk |
| 942 | _n0 | ||
| 999 |
_c111511 _d111511 |
||